Five Nights at Freddys - All Puppets - Statistics

General Stats
  • This quiz has been taken 35 times
  • The average score is 7 of 7
Answer Stats
In What Game Answer % Correct
FNAF 3 Phantom Puppet
100%
FNAF 2 The Puppet
100%
FNAF 4 Nightmarionne
96%
FNAF WORLD Adventure Nightmarionne
92%
FNAF WORLD Adventure Puppet
92%
Pizza Sim Security Puppet
92%
FNAF WORLD Adventure Phantom Puppet
88%
No matching quizzes found
Score Distribution
Percent of People with Each Score
Percentile by Number Answered
Your Score History
You have not taken this quiz